| 000 | 00789nam a22002417a 4500 | ||
|---|---|---|---|
| 003 | OSt | ||
| 005 | 20140310181918.0 | ||
| 008 | 130717t xxu||||| |||| 00| 0 eng d | ||
| 020 | _a9780764137112 | ||
| 050 |
_aPL 1455 _b.W721 2008 |
||
| 082 |
_aTR 495.1824 _bW67 1999 |
||
| 100 |
_aWilliams, Phillip _91319 |
||
| 245 |
_aMandarin Chinese : _bthe easy way / _cPhilip F. Williams, Yenna Wu. |
||
| 260 |
_aHauppauge, NY : _bBarron's Educational Series, Inc, _cc1999. |
||
| 300 |
_a361 p. : _bill. ; _c28 cm. |
||
| 500 | _awith CD | ||
| 521 | _aFaculty | ||
| 541 | _j1 | ||
| 562 | _e1 | ||
| 650 |
_aChinese language _xTextbooks for foreign speakers _xEnglish _91320 |
||
| 650 |
_aMandarin dialects _xTextbooks for foreign speakers _xEnglish _91321 |
||
| 942 |
_2lcc _cBK-TR _kTR |
||
| 999 |
_c6874 _d6874 |
||